000 00492nam a22001937a 4500
005 20251108170604.0
008 250721s9999 xx 000 0 ara d
082 1 4 _a818.02/ديه
100 1 _aديه، عبد الجبار
245 1 0 _aأطباء حكماء /
264 1 _aالرياض :
_c[19-].
300 _a130ص.
650 1 7 _aالأدب العربي
650 1 7 _aالأطباء
650 1 7 _aالوصايا
650 1 7 _aالحكمة
942 _2ddc
_cBK
999 _c44187
_d44187